| 000 | 00401nam a22001577a 4500 | ||
|---|---|---|---|
| 999 |
_c17528 _d17528 |
||
| 003 | OSt | ||
| 005 | 20221104151658.0 | ||
| 008 | 221104b ||||| |||| 00| 0 eng d | ||
| 040 | _c0 | ||
| 100 |
_aRevita, Juliet C. _946613 |
||
| 245 | _aAFP member nabbed for pointing gun | ||
| 260 |
_aPhilippines ; SunStar, _cDecember 10, 2019. |
||
| 300 | _apage 4 | ||
| 650 |
_aCrime _946614 |
||
| 942 |
_2ddc _cPER |
||